Možnosti zvyšovania účinnosti finančno-ekonomických nástrojov pri riadení reprodukčného procesu využívania modelov rozhodovania v oblasti podnikových financií čiastková úloha ŠPEV V-4.3.5

Gespeichert in:
Bibliographische Detailangaben
1. Verfasser: Majcher, Milan
Format: Buch
Sprache:Slowakisch
Veröffentlicht: Bratislava Vysoká škola ekonomická 1980
Tags: Tag hinzufügen
Keine Tags, Fügen Sie das erste Tag hinzu!

MARC

LEADER 00000nam a2200000 4500
001 c138838
005 20250520131205.3
041 0 |a slo 
044 |a SK 
245 1 0 |a Možnosti zvyšovania účinnosti finančno-ekonomických nástrojov pri riadení reprodukčného procesu využívania modelov rozhodovania v oblasti podnikových financií  |b čiastková úloha ŠPEV V-4.3.5  |c Milan Majcher 
264 1 |a Bratislava  |b Vysoká škola ekonomická  |c 1980 
300 |a 23 s. 
100 1 |a Majcher, Milan